000 00882nam a2200289Ia 4500
001 dia_177
003 CHAP
005 20221208131950.0
008 220117s1993 xx 000 0 und d
010 _a170609
020 _a84-481-0067-0
040 _cCHAP
082 _a332.67 S27 1993
100 _aSapag Chain, Nassir
_9102589
245 _aCriterios de evaluación de proyectos : cómo medir la rentabilidad de las inversiones /
_c Nassir Sapag Chain
260 _aMadrid, España :
_b McGraw-Hill,
_c1993
300 _axii, 144 p.
400 _aSERIE MCGRAW-HILL DE MANAGEMENT
440 _aManagement
_9146944
503 _aC/e
504 _aBibliografía: p. 143-144
650 _aEvaluacion de proyectos
_9141312
901 _a332.67 S27 1993
902 _aM
905 _a0000001993 sp mn 0000000000spa00
942 _cLIBRO
_2ddc
999 _c170609
_d170609